Discrete Mathemetics with Algorithms /

Salvato in:
Dettagli Bibliografici
Autori principali: Albertson, Michael O (Autore), Hutchinson, Joan P (Autore)
Natura: Libro
Pubblicazione: New York : John Wiley & Sons, 1988
Tags: Aggiungi Tag
Nessun Tag, puoi essere il primo ad aggiungerne!!

MARC

LEADER 00000nam a22000003a 4500
001 stu14765
005 20190206124528.7
008 ------s1988----xxu---------------------d
040 |a STU  |b slo 
041 0
044 |a xxu 
080 |a 519.854 
100 1 |a Albertson, Michael O  |4 aut 
245 1 |a Discrete Mathemetics with Algorithms /  |c [aut.]Albertson,Michael O., Hutchinson,Joan P 
260 |a New York :  |b John Wiley & Sons,  |c 1988 
300 |a 546 s :  |b Tab.,grafy,index 
700 1 |a Hutchinson, Joan P  |4 aut 
996 |b C84192  |c C*84192  |l CCXX  |s P  |a 0  |w stu14765_0001